World health statistics quarterly; Vol.40, N.1,2,3,4/1987 Rapport trimestriel de statistiques sanitaires mondiales; Vol.40, N.1,2,3,4/1987
Đã lưu trong:
| Hovedforfatter: | |
|---|---|
| Format: | Bog |
| Sprog: | Undetermined |
| Udgivet: |
Geneva
OMS
1987
|
| Fag: | |
| Tags: |
Tilføj Tag
Ingen Tags, Vær først til at tagge denne postø!
|
| Thư viện lưu trữ: | Trung tâm Học liệu Trường Đại học Cần Thơ |
|---|
| LEADER | 00608nam a2200193Ia 4500 | ||
|---|---|---|---|
| 001 | CTU_34812 | ||
| 008 | 210402s9999 xx 000 0 und d | ||
| 082 | |a 610.72 | ||
| 082 | |b Q1/1987 | ||
| 100 | |a OMS | ||
| 245 | 0 | |a World health statistics quarterly; Vol.40, N.1,2,3,4/1987 | |
| 245 | 0 | |b Rapport trimestriel de statistiques sanitaires mondiales; Vol.40, N.1,2,3,4/1987 | |
| 245 | 0 | |c OMS | |
| 260 | |a Geneva | ||
| 260 | |b OMS | ||
| 260 | |c 1987 | ||
| 650 | |a health surveys - statistic methods | ||
| 904 | |i Nguyễn Quang Điền, 000105 | ||
| 980 | |a Trung tâm Học liệu Trường Đại học Cần Thơ | ||